MDQL
is popping MORE tags! Check the
thread
!
Quizzes
Events
Quiz Creation
Community
Videos
Private Events
Remove Ads
Sign In
Join for FREE
Feedback
Dark Mode
Quiz Categories
Sports
Geography
Music
Movies
Television
Just For Fun
Miscellaneous
History
Literature
Language
Science
Gaming
Entertainment
Religion
Holiday
For Kids
Quiz Lab
Recent
Popular Today
Quiz Kudos Today
Editor Picks
Curator Picks
Quizzes by...
Day
Popularity
Type
Ratings
Length
Year
Community
Subscriptions
Recent Discussions
Orange Saloon
Badges
Playlists
Quests
Create
Leaderboards
Showdown
Live 5
Trivia Bingo
Activity
Puzzle Library
Sporcle Events
Private Events
Virtual Trivia
Globe League
Become a Host
Pub Owners
SporcleCon
Opinionation
Our Games
Videos
Blog
Mobile Apps
Partnerships
Remove Ads and Go Orange
Feedback
Music
Pop Music
The Beatles
Song
Album
Lyrics
Bands
Singers
Artist
Clip
Rock
Rap
Classical
Billboard
Country Music
Kpop
Taylor Swift
Music
Pop Music
The Beatles
Song
Album
Lyrics
Bands
Singers
Artist
Clip
Rock
Rap
Classical
Billboard
Country Music
Kpop
Taylor Swift
Random Quiz
Search Sporcle
×
Quiz Lab
Quiz Lab
Music
Song
Select answers by clicking on text or image buttons
Select answers by clicking on text or image buttons
Clickable
Best Score? Go Orange.
Who covered these songs? Stats
Can you pick who covered these songs??
By
AlexArcane
20m
75 Questions
26 Plays
26 Plays
26 Plays
Comments
Comments
Give Quiz Kudos
Give Quiz Kudos
-
- Ratings
hide this ad
Forced Order
Answers have to be entered in order
Answers have to be entered in order
Replay
Link that replays current quiz
Next Quiz
Link to next quiz in quiz playlist
You Got
0%
They Got
Avg Score
26%
Avg Friend Score
Upgrade to see
Score Distribution
Jump to the score distribution portion of the page
Score
0/75
Timer
20:00
0
Plays Today
% Correct
Alien Ant Farm
73.1%
Natewantstobattle (feat. ShueTube)
66.7%
Killswitch Engage
66.7%
Mark Ronson (feat. Amy Winehouse)
65.4%
Marilyn Manson
65.4%
Gary Jules
65.4%
Nirvana
61.5%
The Clash
60%
Rascal Flatts
60%
McFly
60%
Madonna
60%
Soft Cell
60%
Jimi Hendrix
60%
Against The Current (feat. Set It Off)
60%
Jeff Buckley
60%
Steps
60%
Joey Ramone
60%
Fall Out Boy (feat. John Mayer)
53.8%
Sheryl Crow
53.8%
Atomic Kitten
53.8%
Bowling For Soup
50%
Counting Crows (feat. Vanessa Carlton)
50%
Foo Fighters
50%
Alanis Morissette
42.3%
Ellie Goulding
42.3%
Gareth Gates and The Kumars
42.3%
Lil' Chris
34.6%
Pussycat Dolls
34.6%
A Day To Remember
34.6%
The Blanks
34.6%
Kula Shaker
34.6%
Arctic Monkeys
34.6%
Mayday Parade (feat. Vic Fuentes)
34.6%
My Chemical Romance and The Used
34.6%
Nick Berry
34.6%
Stereophonics
33.3%
Lower Than Atlantis
33.3%
Cascada
33.3%
% Correct
DJ Sammy (feat. Yanou)
33.3%
Miley Cyrus
33.3%
Allstar Weekend
33.3%
Memphis May Fire
33.3%
Issues
33.3%
King The Kid
33.3%
Johnny Cash
33.3%
Red Summer Tape
33.3%
Mercy! Mid-Atlantic
33.3%
Kate Nash
33.3%
All Time Low
30.8%
Zebrahead
30.8%
Hacktivist
30.8%
Halestorm
30.8%
twenty one pilots
30.8%
Blur
30.8%
Set It Off
26.9%
As It Is
26.9%
We Are The Ocean
26.9%
Patent Pending
26.9%
My Extraordinary
26.9%
A Static Lullaby
26.9%
Hands Like Houses
26.9%
Bullet For My Valentine
26.9%
Our Last Night
26.9%
The Cab
26.9%
Forever The Sickest Kids
26.9%
You Me At Six
26.9%
Deaf Havana
26.9%
The Dollyrots
26.9%
Student Rick
26.9%
Twin Atlantic
26.9%
Woe, Is Me
26.9%
Mora Mora
26.9%
Go Radio
26.9%
Seether
26.9%
Pendulum
26.9%
Quiz Playlist
Details
Report
Send in Message
Add To Playlist
Clickable:
Select answers by clicking on text or image buttons
Forced Order:
Answers have to be entered in order
Last Updated: Feb 16, 2017
Quiz Scoreboard
CHALLENGE
Sign Up to Join the Scoreboard
Show All
Scores
Hide
Comments
May contain spoilers
Recently Published
1-10 Letter E Words III
by El_Dandy
Language
2m
Street Fighter Characters
by Artimus82
Gaming
60s
College Basketball Coaching Resumes
by pancakes188
Sports
9m
More to Explore
Quiz From the Vault
Featured Blog Post
Where Did the Easter Bunny Come From?
hide this ad
You Might Also Like...
Tags
Clickable Quiz
Song Quiz
Covered
Today's Top Quizzes in Music
Browse Music
hide this ad
Today's Top Quizzes in Song
Browse Song
Top Contributed Quizzes in Music
1
Taylor Swift All Songs (2024)
2
Taylor Swift Logic Puzzle
3
Guess the Artist- 70s Songs
4
7-to-1: Billboard Hot 100 #1 Hits of 2010s
5
Sorting Albums and Songs
6
Billboard Blitz: Aretha Franklin
7
KPOP LOGIC QUIZ
8
Guess the Taylor Swift song (Mystery Song)
9
Guess The Taylor Swift Lyrics Song #1
10
Billboard Blitz: ABBA
Explore More
Trending Topics
NBA
Marvel
Anime
Kpop
Crossword
Disney
Harry Potter
WWE
Puzzle
Country
Soccer
The Office
NFL
Song
Pokémon
hide this ad
More By:
AlexArcane
Quiz
Plays
Rating
Category
Featured
Created
I Survived The Walking Dead
1,822
3.44
Television
Nov 25, 2013
Pop Punk/Pop Rock Opening Lyrics #1
1,139
3.67
Music
Nov 28, 2014
Pop Punk/Pop Rock Opening Lyrics #2
274
5.00
Music
Dec 15, 2014
Comic Book Characters by their Secret Identity
165
3.67
Entertainment
Dec 19, 2014
BBC's 100 (102*) Greatest Movies of the 21st Century
116
4.00
Movies
Oct 16, 2016
Go to Creator's Profile
Score Distribution
Quiz Creator Spotlight
AlexArcane
Follow
Send a Message
Quizzes Created
-
Created Quiz Play Count
-
More By This Creator
Popular Quizzes Today
1
Find the US States - No Outlines Minefield
2
Find the Countries of Europe - No Outlines Minefield
3
The Countries of the World
4
Find the US States
5
Risky Map Clicking: Biggest States A-Z
6
US States
7
Popular People in 1961
8
Movies - When Are They Set?
More Music Quizzes
Songs Combined IV
Curator's Pick
Trending Quizzes
Risky Map Clicking: Least Populous States A-Z
Billboard Blitz: Aretha Franklin
Famous Russians: Author or Composer?
Countries of the World: 200 Million BC
1-10 Letter G Words
Recently Updated
Leaping Animals
pecheneg
Reality TV Shows (A-Z)
bhenderson79
Rickey Henderson's Hall of Fame Teammates
pecheneg
Champions League XIs: Arsenal
pecheneg
Quick Pick: Celebrities in WWE's Hall of Fame
aduchscher
A-Z Keypad Blitz II
pecheneg
Multiple Oscar Actors
pecheneg
Mystery Phrase Blitz: Oscar 'Best Actors'
pecheneg
F. Scott Fitzgerald Novels
LTH
Pick 3 Villains
ddd62291
Trending Topics
Kpop
Marvel
Harry Potter
NBA
Disney
Anime
Crossword
WWE
The Office
Song
Soccer
Country
Pokémon
NFL
Puzzle
Your Account Isn't Verified!
In order to create a playlist on Sporcle, you need to verify the email address you used during registration. Go to your
Sporcle Settings
to finish the process.
Report this User
Report this user for behavior that violates our
Community Guidelines
.
Details:
Send Report
Go to the Sporcle.com Mobile Site →
Comments